| 000 | 01212cam a2200313 a 4500 | ||
|---|---|---|---|
| 001 | 15418088 | ||
| 005 | 20121213135527.0 | ||
| 008 | 080819s2009 nyua b 001 0 eng | ||
| 020 | _a9780071548663 (alk. paper) | ||
| 020 | _a0071548661 (alk. paper) | ||
| 082 | 0 | 0 |
_a628.3 _222 _bECK |
| 100 | 1 |
_aEckenfelder, W. Wesley _q(William Wesley), _d1926- _931705 |
|
| 245 | 1 | 0 |
_aIndustrial Water Quality / _cW. Wesley Eckenfelder, Jr., Davis L. Ford, Andrew J. Englande, Jr. |
| 250 | _a4th ed. | ||
| 260 |
_aNew York : _bMcGraw-Hill, _cc2009. |
||
| 300 |
_axxi, 956 p. : _bill. ; _c24 cm. |
||
| 500 | _aRev. ed. of: Industrial water pollution control / W. Wesley Eckenfelder, Jr. 2000. | ||
| 504 | _aIncludes bibliographical references and index. | ||
| 650 | 0 |
_aSewage _xPurification. _931706 |
|
| 650 | 0 |
_aFactory and trade waste _xPurification. _931707 |
|
| 650 | 0 |
_aWater _xPurification. _931708 |
|
| 650 | 0 |
_aWater _xPollution. _931709 |
|
| 650 | 0 |
_aWater quality. _931710 |
|
| 653 |
_bChe _cDecember2012 |
||
| 700 | 1 |
_aFord, Davis L. _931711 |
|
| 700 | 1 |
_aEnglande, A. J. _931712 |
|
| 700 | 1 |
_aEckenfelder, W. Wesley _q(William Wesley), _d1926- _tIndustrial water pollution control. _931713 |
|
| 942 |
_2ddc _cBB |
||
| 999 |
_c17141 _d17113 |
||